| 000 | 00398nam a22001697a 4500 | ||
|---|---|---|---|
| 003 | LK-CoDNM | ||
| 005 | 20240812153939.0 | ||
| 008 | 240812b |||||||| |||| 00| 0 eng d | ||
| 040 |
_aLK-CoDNM _dLK-CoDNM _eLK-CoDNM |
||
| 080 |
_a10 _bQ24 |
||
| 100 | _aMILLS,LA | ||
| 245 | _aBRITISH MALAYA | ||
| 260 |
_bSINGAPORE _c1925 |
||
| 300 | _aiii, 338p. : 26 cm | ||
| 700 | _aBLAGDEN,CO | ||
| 942 | _cBK | ||
| 999 |
_c147262 _d147262 |
||